Faktory ovplyvňujúce vstup transnacionálnych korporácií do národných ekonomík
Prehľad niektorých postupov pri vstupe transnacionálnych korporácií (TNK) do zahraničných národných ekonomík. Registrácia TNK a monitorovanie ich činnosti. Práva TNK po registrácii. Ochrana duševného vlastníctva. Zdaňovanie investícií, fiškálne úľavy a podpora priamych zahraničných investícií. Medzi...
Salvato in:
| Autore principale: | |
|---|---|
| Natura: | Capitolo di libro |
| Lingua: | slovacco |
| Soggetti: | |
| Tags: |
Nessun Tag, puoi essere il primo ad aggiungerne!!
|
MARC
| LEADER | 00000naa a2200000 4500 | ||
|---|---|---|---|
| 001 | r021418 | ||
| 005 | 20230921121922.0 | ||
| 041 | 0 | |a slo | |
| 044 | |a SK | ||
| 245 | 1 | 0 | |a Faktory ovplyvňujúce vstup transnacionálnych korporácií do národných ekonomík |c R. Kostolanský |
| 520 | |a Prehľad niektorých postupov pri vstupe transnacionálnych korporácií (TNK) do zahraničných národných ekonomík. Registrácia TNK a monitorovanie ich činnosti. Práva TNK po registrácii. Ochrana duševného vlastníctva. Zdaňovanie investícií, fiškálne úľavy a podpora priamych zahraničných investícií. Medzinárodné účtovníctvo. Privatizácia a garancie investícií TNK. Riešenie sporov TNK a hostiteľskej krajiny. Operácie priamych zahraničných investícií a štátna suverenita. Sociálne dodatky dohôd priamych zahraničných investícií TNK. | ||
| 610 | 2 | 0 | |a korporácie |
| 610 | 2 | 0 | |a spoločnosti nadnárodné |
| 610 | 2 | 0 | |a hospodárstvo národné |
| 610 | 2 | 0 | |a stredná Európa |
| 610 | 2 | 0 | |a východná Európa |
| 610 | 2 | 0 | |a investície zahraničné |
| 610 | 2 | 0 | |a vlastníctvo duševné |
| 610 | 2 | 0 | |a patenty |
| 610 | 2 | 0 | |a SVE |
| 100 | 1 | |a Kostolanský, R. | |